| 000 | 00584nam a2200217Ia 4500 | ||
|---|---|---|---|
| 008 | 180523s9999 xx 000 0 und d | ||
| 020 | _a0-19-829461-1 | ||
| 050 | _aMAIN HB 615 | ||
| 050 | _b.E58 2000 | ||
| 245 | 0 | _aEntrepreneurship : | |
| 245 | 4 | _bthe social science view / | |
| 245 | 0 | _cedited by Richard Swedberg. | |
| 260 | _aNew York : | ||
| 260 | _bOxford University Press, | ||
| 260 | _c2000 | ||
| 300 | _a403 pages : | ||
| 300 | _billustrations ; | ||
| 300 | _c23 cm. | ||
| 500 | _aIncludes bibliographical references and index. | ||
| 650 | _aEntrepreneurship. | ||
| 999 |
_c356785 _d356785 |
||